| 000 | 00433nam a2200169Ia 4500 | ||
|---|---|---|---|
| 001 | 24681 | ||
| 003 | IN-NITTTR | ||
| 005 | 20251114233315.0 | ||
| 008 | 251113s9999||||xx |||||||||||||| ||eng|| | ||
| 040 | _beng | ||
| 040 | _cIN-NITTTR | ||
| 041 | _aeng | ||
| 082 | _a690.2 M47M | ||
| 100 | _aMeena, P. M. | ||
| 245 | 0 |
_aManaging leakage,seepage and dampness in building foundations and basements. / _cMeena, P. M. |
|
| 942 |
_2ddc _cBK |
||
| 999 |
_c27310 _d27310 |
||